Normal view
MARC view
- Soniya Baby
Entry Personal Name
001 - CONTROL NUMBER
- control field: 12
003 - CONTROL NUMBER IDENTIFIER
- control field: OSt
005 - DATE AND TIME OF LATEST TRANSACTION
- control field: 20140215112846.0
008 - FIXED-LENGTH DATA ELEMENTS
- fixed length control field: 140215|| aca||aabn | a|a d
040 ## - CATALOGING SOURCE
- Original cataloging agency: OSt
- Transcribing agency: OSt
100 ## - HEADING--PERSONAL NAME
- Personal name: Soniya Baby
670 ## - SOURCE DATA FOUND
- Source citation: Work cat.: (OSt): Dayana Scaria 10, Effect of mulching and nutrient sources on the production of salad cucumber inside and outside naturally ventilated greenhouse, 2007
